| 000 | 00551nam a2200145Ia 4500 | ||
|---|---|---|---|
| 008 | 180627s9999 xx 000 0 und d | ||
| 020 | _a9789719594017 | ||
| 100 | _aBanggawan, Rex B. | ||
| 245 |
_aBusiness and transfer taxation: _bLaws principle-based approach / |
||
| 250 | _a2017 ed | ||
| 260 |
_aPasay City: _bReal Excellence _c2015 |
||
| 300 |
_a646 pages _billustrations ; _c26cm |
||
| 650 | _aBusiness enterprises -- Taxation -- Law and legislation -- Philippines. | ||
| 650 | _aInheritance and transfer tax -- Law and legislation -- Philippines. | ||
| 999 |
_c358070 _d358070 |
||